EDULEARN11 : Abstracts. 3rd International Conference on Education and New Learning Technologies. Barcelona, Spain, 4th - 6th July, 2011
Gespeichert in:
| Format: | Buch |
|---|---|
| Veröffentlicht: |
Valencia :
IATED,
2011
|
| Tags: |
Keine Tags, Fügen Sie das erste Tag hinzu!
|
MARC
| LEADER | 00000nam a22000003a 4500 | ||
|---|---|---|---|
| 001 | stu235349 | ||
| 005 | 20150408182917.5 | ||
| 008 | 111003s2011----sp----------------------d | ||
| 020 | |a 978-84-615-0442-8 | ||
| 040 | |a STU |b slo | ||
| 041 | 0 | ||
| 044 | |a sp | ||
| 245 | |a EDULEARN11 : |b Abstracts. 3rd International Conference on Education and New Learning Technologies. Barcelona, Spain, 4th - 6th July, 2011 | ||
| 260 | |a Valencia : |b IATED, |c 2011 | ||
| 300 | |a CD ROM | ||
| 996 | |b 284M080191 |c M*CD-1997 |l MMKN |s A |a 24 |w stu235349_0001 | ||
| 996 | |b 284M080192 |c M*CD-1995 |l MMKN |s A |a 24 |w stu235349_0002 | ||